000 00537nam a22001817a 4500
005 20150605121128.0
010 _aENG-112722
020 _c295.00
_a9789381335314
035 _aEN-96254
037 _bDBAD/PUB
082 _a658
100 _aJain, Esha
245 _aPrinciples of management :
_cby Esha Jain
_btext and cases /
260 _aNew Delhi
_bInternational Book House
_c2012
270 _a2/24, Ansari Road, Daryaganj,
_bNew Delhi
_e110002
300 _a391p.
_c24cm(pbk)
942 _2ddc
_cEN
_mJAI
_h658
999 _c93030
_d93030